Цойлж яваа янзага (Бичлэгийн дугаар. 1145196)
[ энгийн харах ]
| 000 -Удирдлага | |
|---|---|
| Ном зүйн бүртгэл тоо буюу кодлох утгыг агуулсан | 01023nam a22002297a 4500 |
| 003 - ХЯНАЛТЫН ТОО ТОДОРХОЙЛОГЧ | |
| Код | MN-UlNLM |
| 005 - ХАМГИЙН СҮҮЛИЙН ҮЕИЙН ХЭЛЦЛИЙН ОГНОО БА ЦАГ | |
| Тухайн бичилтийг бичсэн засварласан сүүлийн огноо. | 20241015111437.0 |
| 008 - ЕРӨНХИЙ МЭДЭЭЛЭЛ-ЭЛЕМЕНТҮҮДИЙН ӨГӨГДЛИЙН УРТ | |
| fixed length control field | 240920s2012 mp ||||| |||| 00| 0 mon d |
| 020 ## - ОЛОН УЛСЫН СТАНДАРТ НОМЫН ДУГААР-ISBN | |
| Олон Улсын Стандарт Номын Дугаар | 79789996231735 |
| 040 ## - ЭХ СУРВАЛЖИЙГ ТОДОРХОЙЛОН БИЧИХ | |
| Каталогийн хэл | Монгол |
| 084 ## - БУСАД АНГИЛЛЫН ДУГААР | |
| Ангиллын нэр | Номын сан номзүйн ангилал |
| Анги | 85.319 |
| Зохиогчийн 3-н тэмдэгт | Э 66 |
| Шинжлэх ухааны мэдлэгийн салбар | Урлаг - 85 |
| 100 1# - ЗОХИОГЧИЙН ХЭСЭГ | |
| Зохиогчийн нэр | Энхбаяр Ш., |
| -- | Чулуун Д. |
| 245 1# - ҮНДСЭН ГАРЧИГ | |
| Гарчиг | Цойлж яваа янзага |
| Гарчигт хамааралтай мэдээ | Цэцэлэг сургуулийн бага насны хүүхдийн дуу хөгжмийн санд |
| Оролцогчдын тухай мэдээ | Ред. П.Хаянхярваа |
| -- | Эрхэл. Ц.Бадамхорол |
| 260 1# - ГАРАЛТЫН ТУХАЙ МЭДЭЭ | |
| Хэвлэгдсэн газар | УБ |
| Хэвлэлийн газар | Бэмби сан |
| Хэвлэгдсэн он | 2012 |
| 300 ## - ТООНЫ МЭДЭЭ | |
| Хуудасны тоо | 79х |
| 505 ## - FORMATTED CONTENTS NOTE | |
| Title | Хүүхдүүдэд өргөсөн эгшигэн эрхи -- |
| -- | Нэг. Уран байгаль, уянгат дуу -- |
| -- | Хоёр. Араатан жигүүртэн аялгуу эгшиг -- |
| -- | Гурав. Ахуй амьдрал, анир чимээ -- |
| 546 ## - ХЭЛНИЙ ТУХАЙ МЭДЭЭ | |
| Хэл | mon |
| 650 ## - Сэдэв | |
| Сэдэв | Урлаг |
| 650 ## - Сэдэв | |
| Сэдэв | Хөгжмийн зохиол |
| 650 ## - Сэдэв | |
| Сэдэв | Дууны түүвэр |
| 942 ## - ЭЛЕМЕНТИЙН ТӨРӨЛ | |
| Төрөл | Ном |
| Буцаан татагдсан төлөв | Хасагдсан шалтгаан | Гэмтсэн төлөв | Данс заагч | Захиалах боломжгүй | Үндсэн номын сан | Одоогийн байршил | Салбар танхим | Салбар танхим | Бүртгэсэн огноо | Бүрдүүлэлтийн эх үүсвэр | Тавиурын заалт | Баркод | Үнэ | Хамгийн сүүлд байсан огноо | Нийт уншлаганд гарсан тоо | Дансны дугаар | Ангиллын нэр | Фактур мөрийн дугаар | Төрөл |
|---|---|---|---|---|---|---|---|---|---|---|---|---|---|---|---|---|---|---|---|
| МУҮНомын сан салбар | МУҮНомын сан салбар | МУҮНС салбар | Эрдэм танхим 7 давхар | МУҮНС салбар | Эрдэм танхим 7 давхар | 2024-11-04 | Худалдан авсан | 85.319 Э 66 | 006000098880 | 9000.00 | 2024-11-04 | 98880 | Ном | ||||||||
| МУҮНомын сан салбар | МУҮНомын сан салбар | МУҮНС салбар | Эрдэм танхим 7 давхар | МУҮНС салбар | Эрдэм танхим 7 давхар | 2024-11-04 | Худалдан авсан | 85.319 Э 66 | 006000098881 | 9000.00 | 2024-11-04 | 98881 | Ном | ||||||||
| МУҮНомын сан салбар | МУҮНомын сан салбар | МУҮНС салбар | Эрдэм танхим 7 давхар | МУҮНС салбар | Эрдэм танхим 7 давхар | 2024-11-04 | Худалдан авсан | 85.319 Э 66 | 006000098882 | 9000.00 | 2024-11-04 | 98882 | Ном | ||||||||
| Албан хэрэгцээнд | МУҮндэсний Номын сан | МУҮндэсний Номын сан | МУҮНС төв | Архив фонд төв байр | МУҮНС төв | Архив фонд төв байр | 2024-09-20 | Худалдан авсан | 85.319 Э 66 | 003110043636 | 9000.00 | 2024-09-20 | 43636 | Номын сан номзүйн ангилал | 240531.00 | Ном | |||||
| МУҮндэсний Номын сан | МУҮндэсний Номын сан | МУҮНС төв | Ойр фонд | МУҮНС төв | Ойр фонд | 2024-11-04 | Худалдан авсан | 85.319 Э 66 | 006000098879 | 9000.00 | 2024-11-04 | 98879 | Ном |